<?xml version="1.0" encoding="UTF-8"?>
<record
    xmlns:xsi="http://www.w3.org/2001/XMLSchema-instance"
    xsi:schemaLocation="http://www.loc.gov/MARC21/slim http://www.loc.gov/standards/marcxml/schema/MARC21slim.xsd"
    xmlns="http://www.loc.gov/MARC21/slim">

  <leader>01704cam a22002894a 4500</leader>
  <controlfield tag="001">14283246</controlfield>
  <controlfield tag="005">20220326193356.0</controlfield>
  <controlfield tag="008">060302s2006    bl a     bc  s000 0dpor  </controlfield>
  <datafield tag="010" ind1=" " ind2=" ">
    <subfield code="a">  2006923175</subfield>
  </datafield>
  <datafield tag="020" ind1=" " ind2=" ">
    <subfield code="a">0974615021</subfield>
  </datafield>
  <datafield tag="040" ind1=" " ind2=" ">
    <subfield code="a">DLC</subfield>
    <subfield code="c">DLC</subfield>
  </datafield>
  <datafield tag="041" ind1="0" ind2=" ">
    <subfield code="a">por</subfield>
    <subfield code="a">eng</subfield>
  </datafield>
  <datafield tag="082" ind1=" " ind2=" ">
    <subfield code="a">708</subfield>
    <subfield code="b">M227a</subfield>
  </datafield>
  <datafield tag="100" ind1="1" ind2=" ">
    <subfield code="a">Maiolino, Anna Maria,</subfield>
    <subfield code="d">1942-</subfield>
    <subfield code="9">5516</subfield>
  </datafield>
  <datafield tag="245" ind1="1" ind2="0">
    <subfield code="a">Anna Maria Maiolino.</subfield>
    <subfield code="c">Rina Carvajal (editor)</subfield>
  </datafield>
  <datafield tag="260" ind1=" " ind2=" ">
    <subfield code="a">[S&#xE3;o Paulo] :</subfield>
    <subfield code="b">Pinacoteca do Estado de S&#xE3;o Paulo ;</subfield>
    <subfield code="a">[Miami] :</subfield>
    <subfield code="b">Miami Art Central,</subfield>
    <subfield code="c">c2006.</subfield>
  </datafield>
  <datafield tag="300" ind1=" " ind2=" ">
    <subfield code="a">172 p. :</subfield>
    <subfield code="b">ill. ;</subfield>
    <subfield code="c">27 cm.</subfield>
  </datafield>
  <datafield tag="500" ind1=" " ind2=" ">
    <subfield code="a">Catalog of the exhibitions "Anna Maria Maiolino: entre muitos", held at Pinacoteca do Estado de S&#xE3;o Paulo, Nov. 5, 2005-Jan. 8, 2006 and "Anna Maria Maiolino: territories of immanence", held at the Miami Art Central, Mar. 23-June 18, 2006.</subfield>
  </datafield>
  <datafield tag="504" ind1=" " ind2=" ">
    <subfield code="a">Includes bibliographical references (p. 166-167).</subfield>
  </datafield>
  <datafield tag="505" ind1=" " ind2=" ">
    <subfield code="t">Catalog of the exhibitions "Anna Maria Maiolino: entre muitos", held at Pinacoteca do Estado de S&#xE3;o Paulo, Nov. 5, 2005-Jan. 8, 2006 and "Anna Maria Maiolino: territories of immanence", held at the Miami Art Central, Mar. 23-June 18, 2006.</subfield>
    <subfield code="t">Prefacio</subfield>
    <subfield code="t">foreword</subfield>
    <subfield code="t">Habitar o espacio</subfield>
    <subfield code="t">Dwelling on space</subfield>
    <subfield code="t">"ciao bella": Uma migrante por dentro por fuera </subfield>
    <subfield code="t">"ciao bella": the ims and outs of a migrant </subfield>
    <subfield code="t">a arte da immanence </subfield>
    <subfield code="t">cronolog&#xED;a </subfield>
    <subfield code="t">Bibliograf&#xED;a</subfield>
    <subfield code="t">obras na exposicao </subfield>
    <subfield code="t">exhibition checklist</subfield>
  </datafield>
  <datafield tag="546" ind1=" " ind2=" ">
    <subfield code="a">Portuguese and English.</subfield>
  </datafield>
  <datafield tag="600" ind1="1" ind2="0">
    <subfield code="a">Maiolino, Anna Maria,</subfield>
    <subfield code="d">1942-</subfield>
    <subfield code="v">Exhibitions.</subfield>
    <subfield code="9">5517</subfield>
  </datafield>
  <datafield tag="710" ind1="1" ind2=" ">
    <subfield code="a">S&#xE3;o Paulo (Brazil : State).</subfield>
    <subfield code="b">Pinacoteca do Estado.</subfield>
    <subfield code="9">2732</subfield>
  </datafield>
  <datafield tag="710" ind1="2" ind2=" ">
    <subfield code="a">Miami Art Central.</subfield>
    <subfield code="9">5518</subfield>
  </datafield>
  <datafield tag="906" ind1=" " ind2=" ">
    <subfield code="a">7</subfield>
    <subfield code="b">cbc</subfield>
    <subfield code="c">orignew</subfield>
    <subfield code="d">2</subfield>
    <subfield code="e">epcn</subfield>
    <subfield code="f">20</subfield>
    <subfield code="g">y-gencatlg</subfield>
  </datafield>
  <datafield tag="999" ind1=" " ind2=" ">
    <subfield code="c">1052</subfield>
    <subfield code="d">1052</subfield>
  </datafield>
  <datafield tag="952" ind1=" " ind2=" ">
    <subfield code="0">0</subfield>
    <subfield code="1">0</subfield>
    <subfield code="2">ddc</subfield>
    <subfield code="4">0</subfield>
    <subfield code="7">0</subfield>
    <subfield code="a">LV</subfield>
    <subfield code="b">LV</subfield>
    <subfield code="c">Monograf&#xED;as</subfield>
    <subfield code="d">2016-09-23</subfield>
    <subfield code="l">0</subfield>
    <subfield code="o">708 M227a</subfield>
    <subfield code="p">001030</subfield>
    <subfield code="r">2016-09-23 00:00:00</subfield>
    <subfield code="w">2016-09-23</subfield>
    <subfield code="y">01</subfield>
  </datafield>
</record>
